000 00587nam a2200229Ia 4500
003 OSt
005 20221007071215.0
006 a|||||r|||| 00| 0
007 ta
008 221006b |||||||| |||| 00| 0 eng d
024 _a25,335
037 _cTextual
040 _aFLL
_cFLL
_beng
041 _2eng
_aeng
082 _aZ3:8825, K8;1
100 _aCornish W. R.
_9686720
245 0 _aJury
260 _aLondon
_bAllen Lane The Penguin Press UK
_c1968
300 _a298p
_ccm.
942 _hZ3:8825, K8;1
_cTEXL
_2CC
999 _c1142762
_d1142762